| 000 | 00432nam a2200169Ia 4500 | ||
|---|---|---|---|
| 003 | OSt | ||
| 005 | 20230530102119.0 | ||
| 008 | 210423s1972 xx 000 0 und d | ||
| 040 | _cAL | ||
| 082 |
_a200 _223 _b ARRW |
||
| 100 |
_aARRUPE (Pedro). _9116412 |
||
| 245 | _aWitnessing to justice. | ||
| 260 |
_aVatican City _bPontifical Commission Justice _c1972 |
||
| 365 | _cINR | ||
| 906 | _ajustice. ; Witnessing | ||
| 942 |
_2ddc _cBK |
||
| 999 |
_c174457 _d174457 |
||